Livelli di vita /

A un certo livello la vita è aria. I tre leggendari pionieri ottocenteschi che rivivono nel Peccato dell'alta quota, la prima parte di questo memoir, sono accomunati dalla passione per il volo, allora ai suoi albori, dall'impulso un po' sacrilego a sganciarsi dal regno che ci è deputato e conquistar...

Celý popis

Uloženo v:
Podrobná bibliografie
Hlavní autor: Barnes, Julian
Další autoři: Basso, Susanna (Překladatel)
Médium: Kniha
Jazyk:italština
Vydáno: Torino : Einaudi, 2013
Tagy: Přidat tag
Žádné tagy, Buďte první, kdo vytvoří štítek k tomuto záznamu!

MARC

LEADER 00000nam a22000007i 4500
001 IT\ICCU\ANA\0488081
003 ItRI
005 20250908120933.0
008 131007s2013 it |||||| ||||| |||||c
020 |a 9788806217501 
040 |b ita  |c ct 
041 7 |a ita  |2 ISO-639-2 
082 |a 823.914  |2 21 
100 1 |a Barnes, Julian  |0 IT\ICCU\CFIV\090065 
240 1 0 |a Levels of Life  |9 Barnes, Julian 
245 1 0 |a Livelli di vita /  |c Julian Barnes ; traduzione di Susanna Basso. 
260 |a Torino :  |b Einaudi,  |c 2013 
300 |a 118 p. ;  |c 22 cm 
520 |a A un certo livello la vita è aria. I tre leggendari pionieri ottocenteschi che rivivono nel Peccato dell'alta quota, la prima parte di questo memoir, sono accomunati dalla passione per il volo, allora ai suoi albori, dall'impulso un po' sacrilego a sganciarsi dal regno che ci è deputato e conquistare lo spazio degli dei. Più giù, a livello terra, le turbolenze sono quelle dell'amore. A quello infelice di Fred Burnaby, viaggiatore e colonnello della cavalleria inglese, per la divina attrice francese Sarah Bernhardt, e a quello invincibile del vignettista, aeronauta e inventore della fotografia aerea Félix Tournachon, alias Nadar, per sua moglie, è dedicata la seconda sezione del libro, La vita a quota zero. Ma per alcuni la vita ha in serbo cadute vertiginose. Nell'ultima sezione del libro, La perdita della profondità, Julian Barnes racconta i cinque anni successivi alla morte della moglie, l'agente letteraria Pat Kavanagh, scomparsa improvvisamente nel 2008. Barnes s'immerge negli abissi del lutto e del ricordo per riprendersi ciò che è suo. E il libro nel suo complesso è soprattutto e continuativamente questo: un baluardo, coinvolgente ed emozionante, ma mai retorico, di memoria, intesa come la sola vita degna di essere vissuta dopo la rottura del legame più importante. Perché è solo nel ricordo che la dissoluzione risulta impossibile a dispetto del tempo, dei livelli e della fine. 
700 1 |a Basso, Susanna  |0 IT\ICCU\CFIV\076497  |4 trl 
942 |2 ddc  |c BK 
952 |0 0  |1 0  |2 ddc  |4 0  |6 B_LNR02BARJULIV11  |7 0  |9 7912  |a MI  |b MI  |d 2013-11-18  |i 6583  |l 0  |o B-LNR02-BARJU-LIV11  |p CDOM6583  |r 2025-07-13 16:28:00  |w 2025-07-13  |x ACQUISTO  |y BK 
999 |c 6581  |d 6581